000 00535nam a2200193 i 4500
001 bg
100 1 _aGRIEM, Hans R.
245 0 _aSpektral Line Broadening by Plasmas /
_cHans R. Griem.
260 _aNew York :
_bAcademic Press,
_c1974.
300 _as. XIV, 408 :
_brys.
490 1 _aPure and Applied Physics ;
_vVol. 39
504 _a[Zawiera bibliogr. s. 387-408].
830 _aPure and Applied Physics ;
040 _cBPK
041 _apol
080 _a533.9
942 _cKS
008 s pl f |000 0 pol
999 _c26378
_d26378
856 _uhttp://koha.tu.koszalin.pl/cgi-bin/koha/opac-detail.pl?biblionumber=26378
_yKatalog online BPK